Datum a čas kvízu
14
Celkem bodů
Celkový počet nahraných bodů na tomto kvízu bez doplňovacích otázek.
6.
Pořadí na kvízu
Konečné umístění týmu na tomto kvízu.
Zaznamenané odpovědi
| # | Otázka | Odpověď | Body | Výsledky |
|---|---|---|---|---|
| 1. | Šedesátiletý podnikatel, obžal... | Antonio Koláček | 0 | |
| 2. | Minulý čtvrtek jsme se dozvědě... | Grónsko | 0 | |
| 3. | Již 16. ročník přehlídky novéh... | Letní Letná | 0 | |
| 4. | Po sedmi letech byla sesazena... | Microsoft | 0 | |
| 5. | Jak se nazývá město v Rumunsku... | Kluž (Cluj) | 0 | |
| 6. | Téma o slavných zločincích jst... | Parkerová, Barrow | 0 | |
| 7. | Ve kterém roce došlo k nechval... | v roce 2005 | 0 | |
| 8. | Za co přesně byl Al Capone, je... | za krácení daně | 0 | |
| 9. | V roce 2007 došlo u nás k tzv.... | D) 540 miliónů Kč | 0 | |
| 10. | Do historie nejednou zasáhli a... | 1A 2D 3C 4B | 0 |